000 00771nam a2200229Ia 4500
003 GCL
008 140319s9999 xx 000 0 ara d
040 _aGCL /
_cGCL
082 0 4 _a902.02
_bت م
100 1 _aمحمد شفيق غبريال (مراجع)
245 1 0 _aمختصر دراسة للتاريخ /
_cمحمد شفيق غبريال (مراجع)
700 1 _aتوينبى، ارنولد
700 1 _aفؤاد محمد شبل (مترجم)
250 _aالاولى
260 _aالقاهرة :
_bلجنة التأليف والترجمة والنشر ،
_c1960
300 _a488 ص ؛
_c24 سم
490 _a
650 0 4 _aالحضارة
650 0 4 _aالعلم والحضارة
650 0 4 _aالحضارة الاسلامية
942 _2ddc
_cBK
999 _c57805
_d57805